Villes européennes par image n°2 - Statistiques

Statistiques générales
  • Ce quiz a été pris 15 345 fois
  • Le résultat moyen est 8 sur 15
Statistiques - réponses
Par images Réponse % Correct
Londres
98%
Venise
97%
Pise
96%
Athènes
92%
Moscou
72%
Bruxelles
69%
Amsterdam
59%
Vienne
44%
Bilbao
28%
Oslo
24%
Édimbourg
23%
Kiev
23%
Francfort-sur-le-Main
22%
Gibraltar
14%
Zurich
14%
Aucun quiz correspondant
Distribution des résultats
% des personnes avec chaque résultat
Percentile par nombre de réponses
Votre historique - résultats
Vous n’avez pas pris ce quiz